| 000 | 00649nam a2200229 4500 | ||
|---|---|---|---|
| 001 | 116429 | ||
| 003 | ES-MaACL | ||
| 005 | 20250721144338.0 | ||
| 007 | t| | ||
| 008 | 061121s1984 sp r ||||1| spa d | ||
| 020 | _a84-291-4141-3 | ||
| 080 | _a52(02) | ||
| 100 | 1 |
_aOster, Ludwig. _987812 |
|
| 245 | 1 | 0 |
_aAstronomía moderna / _cLudwig Oster ; versión de José Chabás Bergón. |
| 260 |
_aBarcelona : _bReverté, _c1984. |
||
| 300 |
_aXIV, 539 p. : _bil. ; _c24 cm. |
||
| 500 | _aGlosario. | ||
| 650 | 7 |
_aAstronomía _2embne _910386 |
|
| 700 | 1 |
_aChabás Bergón, José. _937726 |
|
| 852 |
_aES-MaACL _jL-7997 |
||
| 999 |
_c116429 _d116429 |
||